000 00383 a2200157 4500
005 20250626124514.0
020 _a0-471-22734-X
082 _a658.1552 STE
100 _aSTENZEL, C.
245 _aEssentials of Cost Management.
250 _a7th Ed.
260 _aNew York,
_bWILEY,
_c2003.
300 _axii, 716p.: ill.;
_bIndex
_c24cm
700 _aSTENZEL, J.
942 _2ddc
_cBKS
999 _c5332
_d5332